宮城県の郡 - Statistics

General Stats
  • This quiz has been taken 15 times
  • The average score is 8 of 10
Answer Stats
郡名 属する町村 % Correct
牡鹿郡 女川町
100%
伊具郡 丸森町
93%
柴田郡 大河原町・村田町・柴田町・川崎町
87%
亘理郡 亘理町・山元町
87%
宮城郡 松島町・七ヶ浜町・利府町
80%
加美郡 色麻町・加美町
73%
本吉郡 南三陸町
67%
黒川郡 大和町・大郷町・大衡村
67%
刈田郡 蔵王町・七ヶ宿町
53%
遠田郡 涌谷町・美里町
47%
No matching quizzes found
Score Distribution
Percent of People with Each Score
Percentile by Number Answered
Your Score History
You have not taken this quiz